[Event "WYCC Open U16"]
[Site "Porto Carras"]
[Date "2015.10.28"]
[Round "4.18"]
[White "Domingo Nunez, Alejandro"]
[Black "Mesaros, Florian"]
[Result "0-1"]
[BlackElo "2379"]
[WhiteElo "2143"]
[LiveChessVersion "1.4.6"]

1. e4 {[%clk 1:30:53]} c5 {[%clk 1:30:51]} 2. Nf3 {[%clk 1:31:14]} e6
{[%clk 1:30:44]} 3. d4 {[%clk 1:31:35]} cxd4 {[%clk 1:31:07]} 4. c3
{[%clk 1:31:56]} dxc3 {[%clk 1:27:22]} 5. Nxc3 {[%clk 1:32:23]} a6
{[%clk 1:25:21]} 6. Bc4 {[%clk 1:32:49]} Qc7 {[%clk 1:21:51]} 7. Bb3
{[%clk 1:28:40]} Nc6 {[%clk 1:20:00]} 8. O-O {[%clk 1:29:05]} Nf6
{[%clk 1:13:24]} 9. Qe2 {[%clk 1:24:00]} Be7 {[%clk 1:07:47]} 10. e5
{[%clk 1:10:44]} Ng4 {[%clk 1:07:07]} 11. Bf4 {[%clk 1:11:07]} f6
{[%clk 1:05:13]} 12. Bg3 {[%clk 0:52:00]} Ngxe5 {[%clk 1:01:58]} 13. Nxe5
{[%clk 0:52:25]} fxe5 {[%clk 1:01:06]} 14. Bc2 {[%clk 0:38:12]} g6
{[%clk 0:52:50]} 15. Rad1 {[%clk 0:35:18]} d6 {[%clk 0:46:57]} 16. Qg4
{[%clk 0:31:43]} Bd7 {[%clk 0:36:26]} 17. Bb3 {[%clk 0:30:11]} Nd4
{[%clk 0:32:08]} 18. Rxd4 {[%clk 0:28:48]} exd4 {[%clk 0:32:21]} 19. Qxd4
{[%clk 0:29:17]} O-O-O {[%clk 0:22:37]} 20. Rc1 {[%clk 0:14:49]} Kb8
{[%clk 0:21:19]} 21. Qe3 {[%clk 0:10:52]} Rc8 {[%clk 0:19:04]} 22. Bxe6
{[%clk 0:10:21]} Bxe6 {[%clk 0:16:01]} 23. Qxe6 {[%clk 0:10:50]} Rhe8
{[%clk 0:16:11]} 24. Rd1 {[%clk 0:05:15]} Bf8 {[%clk 0:13:54]} 25. Qd5
{[%clk 0:02:36]} Ka8 {[%clk 0:13:39]} 26. h3 {[%clk 0:02:42]} Qc6
{[%clk 0:11:15]} 27. Qd4 {[%clk 0:02:06]} Qc5 {[%clk 0:09:51]} 28. Qf6
{[%clk 0:01:06]} Qf5 {[%clk 0:07:54]} 29. Qd4 {[%clk 0:01:01]} Qc5
{[%clk 0:07:07]} 30. Qf6 {[%clk 0:01:30]} g5 {[%clk 0:02:55]} 31. Rd5
{[%clk 0:00:46]} Re1+ {[%clk 0:02:52]} 32. Kh2 {[%clk 0:01:07]} Qc4
{[%clk 0:03:10]} 33. Bxd6 {[%clk 0:01:22]} Qc6 {[%clk 0:02:34]} 34. Qd4
{[%clk 0:01:04]} Bxd6+ {[%clk 0:02:45]} 35. Rxd6 {[%clk 0:01:33]} Qc7
{[%clk 0:03:02]} 36. g3 {[%clk 0:02:02]} Qf7 {[%clk 0:01:13]} 37. Rf6
{[%clk 0:01:07]} Qc4 {[%clk 0:01:23]} 38. Qxc4 {[%clk 0:01:11]} Rxc4
{[%clk 0:01:52]} 39. Rd6 {[%clk 0:01:27]} Rc1 {[%clk 0:01:33]} 40. Rd2
{[%clk 0:31:28]} Ka7 {[%clk 0:31:48]} 41. Kg2 {[%clk 0:29:17]} Rc6
{[%clk 0:29:56]} 42. f3 {[%clk 0:24:04]} h6 {[%clk 0:28:36]} 43. Rf2
{[%clk 0:20:01]} Re6 {[%clk 0:26:41]} 44. Ne4 {[%clk 0:16:22]} b5
{[%clk 0:24:54]} 45. a3 {[%clk 0:13:36]} a5 {[%clk 0:24:03]} 46. Rd2
{[%clk 0:09:51]} b4 {[%clk 0:23:51]} 47. axb4 {[%clk 0:06:41]} axb4
{[%clk 0:24:18]} 48. b3 {[%clk 0:03:46]} Rec6 {[%clk 0:22:53]} 49. f4
{[%clk 0:01:39]} gxf4 {[%clk 0:22:31]} 50. gxf4 {[%clk 0:02:08]} R1c2
{[%clk 0:22:44]} 51. Rxc2 {[%clk 0:00:56]} Rxc2+ {[%clk 0:23:11]} 52. Kf3
{[%clk 0:01:26]} Kb6 {[%clk 0:23:18]} 53. f5 {[%clk 0:01:45]} Kc6
{[%clk 0:23:04]} 54. f6 {[%clk 0:01:12]} Kd7 {[%clk 0:23:09]} 55. Kf4
{[%clk 0:00:32]} Ke6 {[%clk 0:23:27]} 56. h4 {[%clk 0:00:43]} Rc1
{[%clk 0:23:34]} 57. Kg4 {[%clk 0:00:39]} Re1 {[%clk 0:23:20]} 58. Kf4
{[%clk 0:00:32]} Rf1+ {[%clk 0:23:30]} 59. Kg4 {[%clk 0:01:01]} Ke5
{[%clk 0:23:17]} 60. Nc5 {[%clk 0:01:17]} Kxf6 {[%clk 0:23:06]} 61. Na6
{[%clk 0:01:27]} Rd1 {[%clk 0:23:19]} 62. Kh5 {[%clk 0:01:23]} Rd4
{[%clk 0:22:23]} 63. Nc7 {[%clk 0:01:44]} Re4 {[%clk 0:22:16]} 64. Nd5+
{[%clk 0:01:41]} Kg7 {[%clk 0:21:41]} 65. Nxb4 {[%clk 0:02:00]} Re3
{[%clk 0:21:26]} 66. Nc6 {[%clk 0:01:38]} Rxb3 {[%clk 0:21:38]} 67. Nd4
{[%clk 0:01:48]} Rb4 {[%clk 0:19:47]} 68. Ne6+ {[%clk 0:01:02]} Kf7
{[%clk 0:19:59]} 69. Nc7 {[%clk 0:01:07]} Rb7 {[%clk 0:19:28]} 70. Na6
{[%clk 0:01:13]} Rb6 {[%clk 0:19:46]} 71. Nc7 {[%clk 0:01:15]} Rc6
{[%clk 0:20:06]} 72. Na8 {[%clk 0:00:38]} Ke7 {[%clk 0:19:57]} 73. Kg4
{[%clk 0:00:32]} Kd7 {[%clk 0:20:17]} 74. Kf5 {[%clk 0:00:32]} Ra6
{[%clk 0:20:31]} 75. h5 {[%clk 0:00:51]} Rxa8 76. Kg6 Ra6+ {[%clk 0:20:55]} 77.
Kg7 {[%clk 0:01:47]} Ke7 {[%clk 0:21:15]} 78. Kh7 {[%clk 0:01:49]} Kf7
{[%clk 0:21:08]} 79. Kh8 {[%clk 0:02:01]} Ra8+ {[%clk 0:21:21]} 80. Kh7
{[%clk 0:02:27]} Kf6 {[%clk 0:21:41]} 0-1

[Event "WYCC Open U16"]
[Site "Porto Carras"]
[Date "2015.10.29"]
[Round "5.1"]
[White "Fawzy, Adham"]
[Black "Rambaldi, Francesco"]
[Result "1/2-1/2"]
[BlackElo "2547"]
[WhiteElo "2483"]
[LiveChessVersion "1.4.6"]

1. e4 {[%clk 1:30:54]} d6 {[%clk 1:30:55]} 2. d4 {[%clk 1:31:18]} Nf6
{[%clk 1:31:19]} 3. Nc3 {[%clk 1:31:43]} g6 {[%clk 1:31:43]} 4. f3
{[%clk 1:32:03]} a6 {[%clk 1:31:09]} 5. Be3 {[%clk 1:29:59]} b5 {[%clk 1:31:30]}
6. Qd2 {[%clk 1:30:02]} Nbd7 {[%clk 1:31:32]} 7. O-O-O {[%clk 1:29:36]} Bb7
{[%clk 1:26:44]} 8. Kb1 {[%clk 1:09:14]} Rc8 {[%clk 1:20:26]} 9. g4
{[%clk 0:58:13]} h6 {[%clk 1:20:07]} 10. d5 {[%clk 0:57:08]} Bg7 {[%clk 1:14:25]}
11. Nge2 {[%clk 0:50:38]} c5 {[%clk 1:08:40]} 12. dxc6 {[%clk 0:49:44]} Bxc6
{[%clk 1:08:59]} 13. Nf4 {[%clk 0:45:50]} Qc7 {[%clk 0:49:07]} 14. Qf2
{[%clk 0:37:17]} Ne5 {[%clk 0:41:41]} 15. Bd4 {[%clk 0:31:04]} e6
{[%clk 0:37:59]} 16. Bd3 {[%clk 0:28:59]} b4 {[%clk 0:34:34]} 17. Nce2
{[%clk 0:28:54]} Bb7 {[%clk 0:32:30]} 18. Nc1 {[%clk 0:24:53]} Nfd7
{[%clk 0:28:00]} 19. Be3 {[%clk 0:22:01]} Nc5 {[%clk 0:27:33]} 20. Nb3
{[%clk 0:19:33]} O-O {[%clk 0:26:04]} 21. Rd2 {[%clk 0:17:29]} a5
{[%clk 0:21:51]} 22. Nd4 {[%clk 0:17:58]} Qb6 {[%clk 0:20:24]} 23. Rhd1
{[%clk 0:13:18]} Ncxd3 {[%clk 0:17:35]} 24. Nxd3 {[%clk 0:10:17]} Nc4
{[%clk 0:12:12]} 25. Nf5 {[%clk 0:10:45]} Nxe3 {[%clk 0:12:29]} 26. Qxe3
{[%clk 0:10:05]} Qxe3 {[%clk 0:12:59]} 27. Nxe3 {[%clk 0:10:33]} Rfd8
{[%clk 0:13:01]} 28. Nc1 {[%clk 0:09:32]} Be5 {[%clk 0:12:11]} 29. Nd3
{[%clk 0:07:10]} Bd4 {[%clk 0:11:48]} 30. Ng2 {[%clk 0:07:12]} d5
{[%clk 0:10:03]} 31. Ndf4 {[%clk 0:02:25]} Bb6 {[%clk 0:09:21]} 32. exd5
{[%clk 0:02:25]} g5 {[%clk 0:09:36]} 33. Nh5 {[%clk 0:02:36]} exd5
{[%clk 0:08:13]} 34. Nf6+ {[%clk 0:02:09]} Kg7 {[%clk 0:08:18]} 35. Nxd5
{[%clk 0:02:08]} Bc5 {[%clk 0:06:36]} 1/2-1/2

[Event "WYCC Open U16"]
[Site "Porto Carras"]
[Date "2015.10.29"]
[Round "5.2"]
[White "Lorparizangeneh, Shahin"]
[Black "Kantor, Gergely"]
[Result "1/2-1/2"]
[BlackElo "2403"]
[WhiteElo "2440"]
[LiveChessVersion "1.4.6"]

1. Nf3 {[%clk 1:30:44]} d5 {[%clk 1:30:40]} 2. g3 {[%clk 1:31:06]} Nf6
{[%clk 1:30:45]} 3. Bg2 {[%clk 1:31:26]} c6 {[%clk 1:31:05]} 4. c4
{[%clk 1:31:25]} dxc4 {[%clk 1:31:14]} 5. O-O {[%clk 1:27:41]} Nbd7
{[%clk 1:31:16]} 6. a4 {[%clk 1:26:04]} e5 {[%clk 1:27:09]} 7. Qc2
{[%clk 1:21:55]} e4 {[%clk 1:14:26]} 8. Ng5 {[%clk 1:12:46]} Nc5 {[%clk 1:12:11]}
9. Nc3 {[%clk 0:58:08]} Bf5 {[%clk 1:05:51]} 10. Ngxe4 {[%clk 0:51:03]} Nfxe4
{[%clk 1:01:23]} 11. Nxe4 {[%clk 0:50:20]} Qd5 {[%clk 0:58:34]} 12. f3
{[%clk 0:45:57]} O-O-O {[%clk 0:54:20]} 13. a5 {[%clk 0:36:46]} Re8
{[%clk 0:48:12]} 14. a6 {[%clk 0:35:52]} Nxa6 {[%clk 0:38:16]} 15. Qc3
{[%clk 0:33:17]} Nc7 {[%clk 0:21:03]} 1/2-1/2

[Event "WYCC Open U16"]
[Site "Porto Carras"]
[Date "2015.10.29"]
[Round "5.3"]
[White "Capone, Nicola"]
[Black "Santos Ruiz, Miguel"]
[Result "0-1"]
[BlackElo "2431"]
[WhiteElo "2391"]
[LiveChessVersion "1.4.6"]

1. d4 {[%clk 1:30:56]} e6 {[%clk 1:30:54]} 2. e4 {[%clk 1:31:15]} d5
{[%clk 1:31:19]} 3. Nc3 {[%clk 1:31:37]} Bb4 {[%clk 1:31:45]} 4. e5
{[%clk 1:31:56]} Ne7 {[%clk 1:32:09]} 5. Bd2 {[%clk 1:31:58]} b6 {[%clk 1:32:35]}
6. f4 {[%clk 1:31:23]} Ba6 {[%clk 1:30:05]} 7. Bxa6 {[%clk 1:31:46]} Nxa6
{[%clk 1:30:27]} 8. Nf3 {[%clk 1:32:12]} Bxc3 {[%clk 1:21:01]} 9. bxc3
{[%clk 1:32:35]} Qd7 {[%clk 1:20:51]} 10. a4 {[%clk 1:29:32]} Nb8
{[%clk 1:15:17]} 11. Qe2 {[%clk 1:21:15]} Nbc6 {[%clk 1:01:19]} 12. c4
{[%clk 1:11:09]} dxc4 {[%clk 0:59:34]} 13. Qxc4 {[%clk 1:11:09]} Rd8
{[%clk 0:59:56]} 14. c3 {[%clk 1:04:20]} Na5 {[%clk 0:59:31]} 15. Qa2
{[%clk 0:56:41]} Qd5 {[%clk 0:42:34]} 16. O-O {[%clk 0:56:49]} Nc4
{[%clk 0:41:16]} 17. Rfb1 {[%clk 0:42:16]} c5 {[%clk 0:37:48]} 18. Be1
{[%clk 0:35:47]} Rc8 {[%clk 0:31:20]} 19. Bf2 {[%clk 0:26:53]} cxd4
{[%clk 0:28:49]} 20. Nxd4 {[%clk 0:23:24]} O-O {[%clk 0:23:43]} 21. Nb5
{[%clk 0:19:23]} a6 {[%clk 0:20:23]} 22. Na3 {[%clk 0:08:30]} Qe4
{[%clk 0:15:08]} 23. Rb4 {[%clk 0:04:58]} b5 {[%clk 0:15:32]} 24. axb5
{[%clk 0:05:23]} axb5 {[%clk 0:15:58]} 25. Nxc4 {[%clk 0:00:52]} bxc4
{[%clk 0:15:54]} 26. Bd4 {[%clk 0:01:04]} Nd5 {[%clk 0:13:16]} 27. Ra4
{[%clk 0:00:39]} Nxf4 {[%clk 0:13:08]} 28. Qd2 {[%clk 0:00:38]} Nd3
{[%clk 0:11:22]} 29. Ra5 {[%clk 0:00:39]} Rfd8 {[%clk 0:11:27]} 30. Qg5
{[%clk 0:00:39]} Rxd4 {[%clk 0:11:37]} 0-1

[Event "WYCC Open U16"]
[Site "Porto Carras"]
[Date "2015.10.29"]
[Round "5.4"]
[White "Agmanov, Zhandos"]
[Black "Shtembuliak, Evgeny"]
[Result "1/2-1/2"]
[WhiteElo "2167"]
[BlackElo "2416"]
[PlyCount "181"]
[EventDate "2015.??.??"]
[WhiteClock "0:02:18"]
[BlackClock "0:00:59"]

1. e4 c5 2. Nf3 Nc6 3. d4 cxd4 4. Nxd4 e5 5. Nb3 Nf6 6. Bg5 Bb4+ 7. c3 Be7 8.
Bxf6 Bxf6 9. Be2 O-O 10. O-O Be7 11. Bg4 g6 12. Bh3 b5 13. Qd3 a5 14. Rd1 Qb6
15. Na3 Rb8 16. Nc2 a4 17. Nc1 b4 18. Ne3 bxc3 19. bxc3 Bc5 20. Ng4 d6 21. Nf6+
Kg7 22. Bxc8 Kxf6 23. Qf3+ Kg7 24. Bd7 Rfd8 25. Bxc6 Qxc6 26. a3 Rdc8 27. Qe2
Qb5 28. Qxb5 Rxb5 29. Nd3 Ba7 30. Nb4 Rxc3 31. Rxd6 Bd4 32. g3 Rb3 33. Ra2 Rb2
34. Rxb2 Bxb2 35. Ra6 Bxa3 36. Nc2 Bc5 37. Rxa4 Rb2 38. Rc4 Ba7 39. Kg2 h5 40.
h4 Ra2 41. f4 exf4 42. gxf4 Bb6 43. Kg3 Bd8 44. Rc8 Ba5 45. Rc4 Bd2 46. e5 Ba5
47. Kh3 Bd8 48. Kg3 Ba5 49. Kh3 Bd2 50. Kg3 Kf8 51. Rc8+ Ke7 52. Rc7+ Ke8 53.
Rc4 Ba5 54. Kh3 Bd8 55. Kg3 Kd7 56. Rd4+ Ke8 57. Rc4 Be7 58. Rc3 Ra4 59. Rd3
Bc5 60. Ne1 Re4 61. Rd1 Ke7 62. Rc1 Ba3 63. Ra1 Re3+ 64. Nf3 Ke6 65. Rd1 Kf5
66. Rd4 Rc3 67. Rd7 Ke4 68. Rd4+ Kf5 69. Rd7 Ke6 70. Rb7 Bc1 71. Ra7 Kf5 72.
Ra4 Be3 73. Rb4 Bc1 74. Ra4 Bd2 75. Rd4 Be3 76. Rb4 Bc5 77. Ra4 Bg1 78. Kg2 Bb6
79. Kg3 Bd8 80. Ra7 Ke4 81. Ra4+ Kf5 82. Ra7 Bb6 83. Ra4 Bc5 84. Ra6 Rd3 85.
Ra4 Be3 86. Rb4 Bd2 87. Ra4 Rc3 88. Rd4 Be1+ 89. Kg2 Rc2+ 90. Kh3 Rc3 91. Kg2
1/2-1/2

[Event "WYCC Open U16"]
[Site "Porto Carras"]
[Date "2015.10.29"]
[Round "5.5"]
[White "Sarana, Alexey"]
[Black "Nikitenko, Mihail"]
[Result "1/2-1/2"]
[BlackElo "2393"]
[WhiteElo "2413"]
[LiveChessVersion "1.4.6"]

1. d4 {[%clk 1:30:56]} d5 {[%clk 1:30:51]} 2. c4 {[%clk 1:31:18]} c6
{[%clk 1:31:15]} 3. Nf3 {[%clk 1:31:41]} Nf6 {[%clk 1:31:35]} 4. e3
{[%clk 1:32:02]} g6 {[%clk 1:31:56]} 5. Nc3 {[%clk 1:32:13]} Bg7 {[%clk 1:32:18]}
6. Be2 {[%clk 1:32:35]} O-O {[%clk 1:32:39]} 7. O-O {[%clk 1:32:59]} Be6
{[%clk 1:32:59]} 8. b3 {[%clk 1:30:58]} Ne4 {[%clk 1:32:13]} 9. Bb2
{[%clk 1:23:58]} Nxc3 {[%clk 1:19:10]} 10. Bxc3 {[%clk 1:24:26]} f6
{[%clk 1:19:32]} 11. Bd3 {[%clk 1:15:54]} Bg4 {[%clk 1:14:23]} 12. Rc1
{[%clk 1:07:19]} a5 {[%clk 1:01:36]} 13. h3 {[%clk 1:02:36]} Bxf3
{[%clk 1:01:51]} 14. Qxf3 {[%clk 1:03:03]} f5 {[%clk 1:02:13]} 15. b4
{[%clk 0:54:40]} axb4 {[%clk 1:01:22]} 16. Bxb4 {[%clk 0:55:09]} Na6
{[%clk 1:01:36]} 17. Rb1 {[%clk 0:53:46]} Nxb4 {[%clk 1:00:20]} 18. Rxb4
{[%clk 0:54:09]} Rxa2 {[%clk 0:59:03]} 19. Rxb7 {[%clk 0:51:23]} Kh8
{[%clk 0:57:58]} 20. Qf4 {[%clk 0:45:48]} Rd2 {[%clk 0:49:32]} 21. Rb3
{[%clk 0:38:57]} Qe8 {[%clk 0:47:29]} 22. Qc7 {[%clk 0:33:39]} Ra2
{[%clk 0:33:42]} 23. Rfb1 {[%clk 0:31:04]} f4 {[%clk 0:31:20]} 24. Rb8
{[%clk 0:25:33]} Qf7 {[%clk 0:31:45]} 25. Rxf8+ {[%clk 0:25:20]} Bxf8
{[%clk 0:32:10]} 26. cxd5 {[%clk 0:21:46]} fxe3 {[%clk 0:31:37]} 27. Qe5+
{[%clk 0:22:10]} Kg8 {[%clk 0:31:59]} 28. Qxe3 {[%clk 0:22:24]} cxd5
{[%clk 0:32:18]} 29. Be2 {[%clk 0:17:04]} Qf5 {[%clk 0:30:00]} 30. Rc1
{[%clk 0:16:58]} Rc2 {[%clk 0:25:07]} 31. Re1 {[%clk 0:11:43]} Qf7
{[%clk 0:20:41]} 32. Bf3 {[%clk 0:10:51]} h5 {[%clk 0:14:11]} 33. Ra1
{[%clk 0:04:46]} Rc6 {[%clk 0:12:00]} 34. Ra8 {[%clk 0:04:16]} Rf6
{[%clk 0:11:13]} 35. Ra7 {[%clk 0:03:48]} Kh7 {[%clk 0:10:46]} 36. Rb7
{[%clk 0:03:34]} Qe6 {[%clk 0:10:06]} 37. Qc3 {[%clk 0:02:26]} Qc6
{[%clk 0:08:39]} 38. Qb2 {[%clk 0:01:42]} Qe6 {[%clk 0:08:45]} 39. Qb4
{[%clk 0:01:34]} Qd6 {[%clk 0:07:50]} 40. Qe1 {[%clk 0:31:19]} Qe6
{[%clk 0:36:10]} 41. Qb1 {[%clk 0:30:08]} Rf5 {[%clk 0:36:01]} 42. Qb4
{[%clk 0:27:35]} Qf6 {[%clk 0:35:07]} 43. Rc7 {[%clk 0:27:06]} Rf4
{[%clk 0:34:46]} 44. Rd7 {[%clk 0:20:59]} 1/2-1/2

[Event "WYCC Open U16"]
[Site "Porto Carras"]
[Date "2015.10.29"]
[Round "5.6"]
[White "Wheeler, Cameron"]
[Black "Costachi, Mihnea"]
[Result "1-0"]
[BlackElo "2407"]
[WhiteElo "2356"]
[LiveChessVersion "1.4.6"]

1. d4 {[%clk 1:30:53]} Nf6 {[%clk 1:30:42]} 2. c4 {[%clk 1:31:06]} g6
{[%clk 1:30:39]} 3. g3 {[%clk 1:31:18]} Bg7 {[%clk 1:31:05]} 4. Bg2
{[%clk 1:31:25]} O-O {[%clk 1:31:27]} 5. Nc3 {[%clk 1:31:42]} d6 {[%clk 1:31:44]}
6. Nf3 {[%clk 1:31:53]} Nc6 {[%clk 1:32:00]} 7. O-O {[%clk 1:31:42]} a6
{[%clk 1:30:50]} 8. Qd3 {[%clk 1:31:21]} Bf5 {[%clk 1:29:08]} 9. e4
{[%clk 1:31:15]} Bg4 {[%clk 1:29:35]} 10. d5 {[%clk 1:30:41]} Bxf3
{[%clk 1:28:29]} 11. Qxf3 {[%clk 1:30:53]} Nd4 {[%clk 1:27:42]} 12. Qd1
{[%clk 1:30:50]} e5 {[%clk 1:21:59]} 13. dxe6 {[%clk 1:27:56]} Nxe6
{[%clk 1:22:26]} 14. Be3 {[%clk 1:18:40]} Rb8 {[%clk 1:21:43]} 15. Qe2
{[%clk 1:13:40]} Nd7 {[%clk 1:16:48]} 16. Rac1 {[%clk 1:09:23]} Nd4
{[%clk 0:54:05]} 17. Qd2 {[%clk 1:08:40]} c5 {[%clk 0:54:19]} 18. Nd5
{[%clk 1:05:56]} Nb6 {[%clk 0:41:06]} 19. Bg5 {[%clk 1:00:38]} f6
{[%clk 0:41:23]} 20. Be3 {[%clk 1:00:35]} Nxd5 {[%clk 0:39:11]} 21. Bxd4
{[%clk 0:57:56]} cxd4 {[%clk 0:30:51]} 22. exd5 {[%clk 0:55:50]} f5
{[%clk 0:31:07]} 23. b4 {[%clk 0:55:39]} b6 {[%clk 0:26:10]} 24. Rfe1
{[%clk 0:52:37]} f4 {[%clk 0:24:22]} 25. Re4 {[%clk 0:48:14]} fxg3
{[%clk 0:18:21]} 26. hxg3 {[%clk 0:45:08]} Rb7 {[%clk 0:17:38]} 27. Bh3
{[%clk 0:44:25]} Kh8 {[%clk 0:17:55]} 28. Be6 {[%clk 0:43:18]} a5
{[%clk 0:14:35]} 29. a3 {[%clk 0:37:35]} axb4 {[%clk 0:15:01]} 30. axb4
{[%clk 0:37:57]} Qa8 {[%clk 0:14:58]} 31. Rxd4 {[%clk 0:28:56]} Qa3
{[%clk 0:11:19]} 32. Rd3 {[%clk 0:26:36]} Qa4 {[%clk 0:11:16]} 33. Rc2
{[%clk 0:23:05]} Qa1+ {[%clk 0:09:21]} 34. Kg2 {[%clk 0:23:23]} Ra7
{[%clk 0:07:58]} 35. Rc1 {[%clk 0:20:40]} Qf6 {[%clk 0:07:29]} 36. Qe2
{[%clk 0:19:29]} Ra4 {[%clk 0:04:35]} 37. Rb1 {[%clk 0:18:47]} Raa8
{[%clk 0:03:58]} 38. Rbb3 {[%clk 0:15:33]} Qa1 {[%clk 0:03:03]} 39. Rf3
{[%clk 0:13:54]} Qd4 {[%clk 0:00:33]} 40. Rbe3 {[%clk 0:42:22]} Rxf3
{[%clk 0:30:33]} 41. Rxf3 {[%clk 0:42:32]} Be5 {[%clk 0:23:47]} 42. Rf7
{[%clk 0:41:19]} Qc3 {[%clk 0:21:46]} 43. Qg4 {[%clk 0:39:48]} Bg7
{[%clk 0:19:10]} 44. Bc8 {[%clk 0:34:10]} h5 {[%clk 0:11:28]} 45. Qxg6
{[%clk 0:19:43]} Rxc8 {[%clk 0:11:34]} 46. Qxh5+ {[%clk 0:19:51]} Kg8
{[%clk 0:12:01]} 47. Rf3 {[%clk 0:19:47]} Qc2 {[%clk 0:07:29]} 48. Qf7+
{[%clk 0:19:13]} Kh8 {[%clk 0:06:58]} 49. Rf5 {[%clk 0:18:36]} Qxf5
{[%clk 0:05:22]} 50. Qxf5 {[%clk 0:19:02]} Rxc4 {[%clk 0:05:47]} 51. Qh5+
{[%clk 0:18:24]} Kg8 {[%clk 0:06:12]} 52. Qe8+ {[%clk 0:18:35]} Kh7
{[%clk 0:06:24]} 53. b5 {[%clk 0:18:10]} Rc5 {[%clk 0:05:57]} 54. Qc6
{[%clk 0:18:18]} Kh8 {[%clk 0:05:50]} 55. Qxb6 {[%clk 0:18:15]} Rxd5
{[%clk 0:06:13]} 56. Qd8+ {[%clk 0:18:33]} Kh7 {[%clk 0:06:38]} 57. Qh4+
{[%clk 0:18:53]} 1-0

[Event "WYCC Open U16"]
[Site "Porto Carras"]
[Date "2015.10.29"]
[Round "5.7"]
[White "Rajkovic, Mladen"]
[Black "Moroni, Luca Jr"]
[Result "0-1"]
[BlackElo "2460"]
[WhiteElo "2320"]
[LiveChessVersion "1.4.6"]

1. e4 {[%clk 1:30:58]} e6 {[%clk 1:30:58]} 2. d4 {[%clk 1:31:12]} d5
{[%clk 1:31:24]} 3. Nd2 {[%clk 1:31:39]} Nc6 {[%clk 1:31:52]} 4. Ngf3
{[%clk 1:31:49]} Nf6 {[%clk 1:32:14]} 5. e5 {[%clk 1:32:16]} Nd7 {[%clk 1:32:41]}
6. c3 {[%clk 1:32:42]} f6 {[%clk 1:32:57]} 7. Bb5 {[%clk 1:32:03]} fxe5
{[%clk 1:29:25]} 8. dxe5 {[%clk 1:32:25]} Be7 {[%clk 1:28:43]} 9. Nd4
{[%clk 1:32:41]} Nxd4 {[%clk 1:27:03]} 10. cxd4 {[%clk 1:33:09]} O-O
{[%clk 1:26:11]} 11. h4 {[%clk 1:24:17]} c5 {[%clk 1:22:56]} 12. Bd3
{[%clk 1:23:58]} Rf7 {[%clk 1:15:44]} 13. Qh5 {[%clk 1:16:02]} Nf8
{[%clk 1:13:20]} 14. Nf3 {[%clk 1:14:30]} Bd7 {[%clk 1:09:21]} 15. dxc5
{[%clk 0:45:28]} Qa5+ {[%clk 1:01:23]} 16. Bd2 {[%clk 0:44:57]} Qxc5
{[%clk 0:59:50]} 17. b4 {[%clk 0:40:21]} Qb6 {[%clk 0:58:04]} 18. O-O
{[%clk 0:35:54]} Bb5 {[%clk 0:51:12]} 19. Bxb5 {[%clk 0:34:13]} Qxb5
{[%clk 0:51:41]} 20. a4 {[%clk 0:34:26]} Qd3 {[%clk 0:45:57]} 21. Rfd1
{[%clk 0:32:26]} Rc8 {[%clk 0:41:45]} 22. Be3 {[%clk 0:28:52]} Qe4
{[%clk 0:40:09]} 23. Ng5 {[%clk 0:18:57]} Bxg5 {[%clk 0:38:17]} 24. Qxg5
{[%clk 0:19:19]} Ng6 {[%clk 0:34:12]} 25. Bxa7 {[%clk 0:17:40]} Rf5
{[%clk 0:32:33]} 26. Qg3 {[%clk 0:16:08]} Nf4 {[%clk 0:31:26]} 27. Kh2
{[%clk 0:14:32]} Ne2 {[%clk 0:28:54]} 28. f3 {[%clk 0:10:56]} Qxb4
{[%clk 0:27:44]} 29. Qf2 {[%clk 0:09:59]} Rc2 {[%clk 0:26:48]} 30. Rab1
{[%clk 0:09:05]} Qf4+ {[%clk 0:26:10]} 31. Kh3 {[%clk 0:08:54]} Qxe5
{[%clk 0:25:31]} 0-1

[Event "WYCC Open U16"]
[Site "Porto Carras"]
[Date "2015.10.29"]
[Round "5.8"]
[White "Morozov, Nichita"]
[Black "Maghsoodloo, Parham"]
[Result "1-0"]
[BlackElo "2457"]
[WhiteElo "2281"]
[LiveChessVersion "1.4.6"]

1. d4 {[%clk 1:30:56]} Nf6 {[%clk 1:30:52]} 2. c4 {[%clk 1:31:18]} g6
{[%clk 1:31:17]} 3. f3 {[%clk 1:31:43]} d5 {[%clk 1:30:26]} 4. cxd5
{[%clk 1:31:45]} Nxd5 {[%clk 1:30:55]} 5. e4 {[%clk 1:32:12]} Nb6
{[%clk 1:31:18]} 6. Nc3 {[%clk 1:32:36]} Bg7 {[%clk 1:31:44]} 7. Be3
{[%clk 1:33:02]} O-O {[%clk 1:28:57]} 8. Qd2 {[%clk 1:33:26]} Qd6
{[%clk 1:27:31]} 9. f4 {[%clk 1:29:10]} Rd8 {[%clk 1:26:00]} 10. Nf3
{[%clk 1:28:05]} c6 {[%clk 1:21:59]} 11. Bd3 {[%clk 1:16:20]} Bg4
{[%clk 1:21:10]} 12. Ne5 {[%clk 1:16:23]} Be6 {[%clk 1:21:38]} 13. O-O
{[%clk 1:09:45]} N8d7 {[%clk 1:21:47]} 14. Rad1 {[%clk 1:07:01]} Nxe5
{[%clk 1:13:02]} 15. fxe5 {[%clk 1:07:16]} Qb4 {[%clk 1:13:20]} 16. Qf2
{[%clk 0:53:39]} Rac8 {[%clk 1:06:57]} 17. a3 {[%clk 0:47:36]} Qb3
{[%clk 1:05:22]} 18. Bc1 {[%clk 0:47:09]} Bg4 {[%clk 0:39:29]} 19. Bc2
{[%clk 0:43:05]} Qc4 {[%clk 0:36:52]} 20. Rd3 {[%clk 0:43:05]} f6
{[%clk 0:30:54]} 21. Na4 {[%clk 0:30:10]} Kh8 {[%clk 0:22:12]} 22. Nc5
{[%clk 0:29:48]} Nd7 {[%clk 0:20:50]} 23. Rc3 {[%clk 0:23:18]} Qb5
{[%clk 0:17:28]} 24. h3 {[%clk 0:19:43]} fxe5 {[%clk 0:16:55]} 25. Rb3
{[%clk 0:18:55]} Qc4 {[%clk 0:17:07]} 26. Rb4 {[%clk 0:19:08]} Be2
{[%clk 0:13:37]} 27. Rxc4 {[%clk 0:18:37]} Bxc4 {[%clk 0:14:05]} 28. Rd1
{[%clk 0:14:29]} exd4 {[%clk 0:14:08]} 29. Nxd7 {[%clk 0:14:13]} Rxd7
{[%clk 0:14:36]} 30. Bd3 {[%clk 0:13:17]} Bb3 {[%clk 0:14:49]} 31. Rf1
{[%clk 0:13:27]} c5 {[%clk 0:14:52]} 32. e5 {[%clk 0:12:58]} Be6 {[%clk 0:10:28]}
33. Qh4 {[%clk 0:12:38]} Kg8 {[%clk 0:10:57]} 34. Bh6 {[%clk 0:12:32]} c4
{[%clk 0:11:09]} 35. Be2 {[%clk 0:11:47]} Rc5 {[%clk 0:09:02]} 36. Qf4
{[%clk 0:10:52]} Bxh6 {[%clk 0:08:50]} 37. Qxh6 {[%clk 0:11:15]} Rd8
{[%clk 0:09:17]} 38. Bh5 {[%clk 0:10:57]} Rxe5 {[%clk 0:09:15]} 39. Bxg6
{[%clk 0:11:17]} hxg6 {[%clk 0:09:33]} 40. Qxg6+ {[%clk 0:41:43]} Kh8
{[%clk 0:39:59]} 41. Rf4 {[%clk 0:42:00]} 1-0